Guess "The Legend of Zelda"s games - Sudden Death - Statistics

General Stats
  • This quiz has been taken 55 times
  • The average score is 12 of 16
Answers on the Grid
Answers color-coded by a green-red scale on the quiz's grid according to % correct below.
Minish Cap
The Adventure of Link
Twilight Queen
Twilight Princess
Moonlight Princess
Shadows of Time
Triforce Heroes
Spirit Crown
Spectacle of Ages
Oracle of Seasons
Spirit Track
Scepter of Ages
Skyward Knight
Phantom Mirror
Phantom Hourglass
Breath of the Spirits
Echoes of Wisdom
Majora's Mask
Tears of the King
Skyward Sword
Hyrule Heroes
The Wind Waker
Breath of the Wild
Wind of the Wild
A Link to the Future
Tears of the Kingdom
Ocarina of Past
Hyrule Warriors
Ocarina of Time
A Link to the Past
 
Answer Stats
Answer % Correct
Majora's Mask
83%
Twilight Princess
83%
The Adventure of Link
80%
Echoes of Wisdom
77%
Minish Cap
77%
Triforce Heroes
77%
Ocarina of Time
74%
Phantom Hourglass
74%
Breath of the Wild
71%
Oracle of Seasons
71%
Skyward Sword
71%
Spirit Track
71%
A Link to the Past
69%
Hyrule Warriors
66%
Tears of the Kingdom
66%
The Wind Waker
66%
No matching quizzes found
Score Distribution
Percent of People with Each Score
Percentile by Number Answered
Your Score History
You have not taken this quiz